1739 1205 1519 1628 1003 1143 1134 1283 1985 1727 1535 1082 1739 1065 1210 1752 1476 1492 1696 1310 1127 1578 1599 1583 1377 1484 1297 1157 1276 1034 1519 1437 1743 1992 1049 1138 1755 1439 1577 1939 1330 1868 1990 1664 1248 1754 1485 1763 1119 1667 1054 1346 1521 1163 1807 1052 1524 1765 1945 1780 1127 1960 1723 1841 1475 1011 1313 1339 1142 1932 1603 1086 1904 1640 1280 1040 1953 1020 1722 1518 1369 1727 1888 1516 1567 1980 1432 1296 1917 1184 1355 1604 1224 1984 1486 1143 1031 1537 1935 BCNSPRNW ULIB Ver.6.0+V

เปลี่ยนเป็นภาษาไทย

Change to English
 แสดงรายละเอียดบรรณานุกรม
  กลับหน้าหลัก

Brief Record : Get Marc (ISO 2709) : E-mail record : QR code < ปิดหน้าต่าง
LEADER : 00000nam 2200000uu 4500
001    13399114272
003     ULIB
008    110921s||||||||th 000 0 tha d
020    9786161105877
060 04 W225.JT3^bส691ค
110 1  สำนักงานพัฒนานโยบายสุขภาพระหว่างประเทศ
245 10 โครงการศึกษาเพื่อพัฒนาชุดสิทธิประโยชน์ภายใต้ระบบหลักประกันสุขภาพถ้วนหน้า ฉบับที่ 1/^cสำนักงานพัฒนานโยบายสุขภาพระหว่างประเทศ
260    นนทบุรี :^bสำนักงานพัฒนานโยบายสุขภาพระหว่างประเทศ,^c2554
300    284 หน้า :^bตาราง
650  7 หลักประกันสุขภาพ
710 2  โครงการประเมินเทคโนโลยีและนโยบายด้านสุขภาพ
945    ^p0^l0^i031259
995    ทศพร
999 ^a ใช้งานได้ทุกระบบ
รายการนี้ยังไม่มีแท็ก
คุณยังไม่ได้ล็อกอิน คุณสามารถมีกิจกรรมร่วมกับเว็บไซต์ได้ แต่ต้องล็อกอินก่อน ::
  ล็อกอิน

รายการสื่อสารสนเทศ

ลำดับที่ ประเภท เลขเรียก/บาร์โค้ด สถานที่ สถานะ
1. วิทยาศาสตร์การแพทย์ และสุขภาพ
วิทยาศาสตร์การแพทย์ และสุขภาพ
W225.JT3 ส691ค ฉ.1 
  Barcode: 031259
ห้องสมุดวิทยาเขตสวรรค์ประชารักษ์
►ส่วนจัดเก็บหนังสือเก่า สปร
บนชั้น
  ขอยืม

รายการใกล้เคียง
    หัวเรื่อง [หลักประกันสุขภาพ]

BibComment


ยังไม่เคยถูกคอมเมนท์

คอมเมนท์ทรัพยากรรายการนี้
  คอมเมนท์: โครงการศึกษาเพื่อ..


 Copyright 2026. Bcnsprnw @Library